1403 1565 1055 1955 1484 1888 1688 1910 1214 1899 1778 1628 1056 1864 1063 1616 1921 1018 1336 1293 1772 1290 1542 1520 1077 1275 1152 1698 1193 1972 1284 1722 1769 1181 1713 1926 1655 1946 1416 1954 1884 1348 1130 1246 1607 1580 1806 1096 1041 1680 1752 1239 1821 1604 1650 1730 1785 1570 1123 1238 1033 1621 1120 1414 1995 1917 1699 1153 1340 1756 1313 1523 1564 1013 1909 1418 1070 1782 1757 1352 1289 1499 1424 1507 1409 1755 1750 1820 1370 1002 1085 1221 1460 1346 1199 1970 1967 1476 1119 BCNSPRNW ULIB Ver.6.0+V

เปลี่ยนเป็นภาษาไทย

Change to English
 แสดงรายละเอียดบรรณานุกรม
  กลับหน้าหลัก

Brief Record : Get Marc (ISO 2709) : E-mail record : QR code < ปิดหน้าต่าง
LEADER : 00000nam 2200000uu 4500
001    13399110217
003     ULIB
008    110426s2544||||th 000 0 tha d
020    9789743470240
060 04 WL385^bจ683ว 2544
100 0  จรัส สุวรรณเวลา
245 10 วิทยาการโรคลมชัก =^bComprehensive epileptology /^cจรัสสุวรรณเวลา ...[และคนอื่น ๆ] ; บรรณาธิการ ชัยชน โลว์เจริญกูล
246 31 Comprehensive epileptology
260    กรุงเทพฯ :^bโรงพยาบาลจุฬาลงกรณ์ สภากาชาดไทย,^c2544
300    174 หน้า :^bภาพประกอบ, ตาราง
650  2 Epilepsy
700 10 ชัยชน โลว์เจริญกูล,^eบรรณาธิการ
995    ทศพร
999 ^a ใช้งานได้ทุกระบบ
รายการนี้ยังไม่มีแท็ก
คุณยังไม่ได้ล็อกอิน คุณสามารถมีกิจกรรมร่วมกับเว็บไซต์ได้ แต่ต้องล็อกอินก่อน ::
  ล็อกอิน

รายการสื่อสารสนเทศ

ลำดับที่ ประเภท เลขเรียก/บาร์โค้ด สถานที่ สถานะ
- ไม่พบข้อมูล -

รายการใกล้เคียง
    ผู้แต่ง [จรัส สุวรรณเวลา]

    หัวเรื่อง [Epilepsy]

BibComment


ยังไม่เคยถูกคอมเมนท์

คอมเมนท์ทรัพยากรรายการนี้
  คอมเมนท์: วิทยาการโรคลมชัก ..


 Copyright 2026. Bcnsprnw @Library